| 000 | 00369aam a2200145 a 4500 | ||
|---|---|---|---|
| 040 | _cDLC | ||
| 082 | _a570 PUB 1995 A082 Or. | ||
| 100 | 1 | _aMader, Sylvia S | |
| 245 | 1 | 0 | _aHuman biology / |
| 250 | _a4th ed | ||
| 260 |
_aDubuque, IA : _bWm. C. Brown Publishers, _cc1995 |
||
| 300 |
_axxi, 520 p. : _bill. (some col.) ; _c28 cm |
||
| 650 | 0 | _aHuman biology | |
| 942 | _cEK | ||
| 999 |
_c16011 _d16011 |
||